1997 1165 1481 1648 1419 1780 1989 1138 1848 1213 1343 1661 1581 1378 1648 1899 1720 1118 1194 1959 1365 1517 1390 1294 1497 1968 1756 1872 1299 1948 1667 1592 1911 1587 1476 1719 1283 1195 1891 1912 1997 1227 1506 1088 1349 1753 1883 1402 1054 1898 1534 1372 1852 1490 1056 1129 1279 1805 1456 1591 1930 1821 1688 1605 1211 1273 1119 1562 1213 1714 1453 1322 1200 1518 1019 1461 1453 1761 1505 1884 1868 1462 1804 1959 1077 1286 1516 1263 1735 1373 1892 1703 1116 1485 1829 1338 1525 1684 1825 BCNSPRNW ULIB Ver.6.0+V

เปลี่ยนเป็นภาษาไทย

Change to English
 แสดงรายละเอียดบรรณานุกรม
  กลับหน้าหลัก

Brief Record : Get Marc (ISO 2709) : E-mail record : QR code < ปิดหน้าต่าง
LEADER : 00000nam 2200000uu 4500
001    13399111524
003     ULIB
008    110628s||||||||th 000 0 tha d
020    9748815064
020    9789748815060
050  4 BQ4570^bท237ต 2550
100 0  ทศพร ศรีคำ กลมเกลียว
245 10 ต้นบุญ/^cทศพร ศรีคำ กลมเกลียว
250    พิมพ์ครั้งที่ 2
260    กรุงเทพฯ :^bต้นบุญ,^c 2550
300    174 หน้า^bภาพประกอบ
650  7 บุญ
650  7 พุทธศาสนา
650  7 ความเชื่อ
945    ^p140^l0^i025105
995    ทศพร
999 ^a ใช้งานได้ทุกระบบ
รายการนี้ยังไม่มีแท็ก
คุณยังไม่ได้ล็อกอิน คุณสามารถมีกิจกรรมร่วมกับเว็บไซต์ได้ แต่ต้องล็อกอินก่อน ::
  ล็อกอิน

รายการสื่อสารสนเทศ

ลำดับที่ ประเภท เลขเรียก/บาร์โค้ด สถานที่ สถานะ
- ไม่พบข้อมูล -

รายการใกล้เคียง
    หัวเรื่อง [บุญ]
    หัวเรื่อง [พุทธศาสนา]
    หัวเรื่อง [ความเชื่อ]

BibComment


ยังไม่เคยถูกคอมเมนท์

คอมเมนท์ทรัพยากรรายการนี้
  คอมเมนท์: ต้นบุญ ทศพร ศรีคำ..


 Copyright 2026. Bcnsprnw @Library